| 000 | 00812nam a2200229 i 4500 | ||
|---|---|---|---|
| 001 | 150524 | ||
| 003 | ES-MaACL | ||
| 005 | 20260203121400.0 | ||
| 007 | t| | ||
| 008 | 071031s1902 sp ||||1| spa d | ||
| 080 | _a821.134.2-32"18" | ||
| 100 | 1 |
_aValera, Juan, _d1824-1905 _9112638 |
|
| 245 | 1 | 0 |
_aGaruda o la cigüeña blanca y la padmini / _cpor Juan Valera ; ilustraciones de Angel Hernández. |
| 260 |
_aMadrid : _b[s.n.], _c1902 ( _fEst. Tip. de la Viuda e Hijos de Tello) |
||
| 300 |
_a149 p. : _bil. ; _c17 cm. |
||
| 530 | _aDisponible en formato digital. | ||
| 700 | 1 |
_aHernández, Angel. _962784 |
|
| 852 |
_aES-MaACL _jR-3207 _cDEPO1 _dOlim:F-12882 |
||
| 856 | 4 |
_uhttp://bdh-rd.bne.es/viewer.vm?id=0000094296&page=1 _yBiblioteca Digital Hispánica |
|
| 942 | _2udc | ||
| 999 |
_c150524 _d150524 |
||